[Event "Miercurea Ciuc Bancpost op 20th"]
[Site "Miercurea Ciuc"]
[Date "2017.08.21"]
[Round "5"]
[White "Kocsis, Mihaly"]
[Black "Rosca, Grigore"]
[Result "1-0"]
[WhiteElo "1882"]
[BlackElo "1539"]
[PlyCount "47"]
[EventDate "2017.08.17"]
[EventType "swiss"]
[EventRounds "9"]
[EventCountry "ROU"]
[SourceTitle "EXT 2020"]
[Source "ChessBase"]
[SourceDate "2019.10.17"]
[SourceVersion "1"]
[SourceVersionDate "2019.10.17"]
[SourceQuality "1"]

1. e4 c5 2. c3 Nc6 3. d4 e6 4. d5 exd5 5. exd5 Qe7+ 6. Qe2 Ne5 7. Be3 c4 8. Qd2 d6 9. Na3 Nd3+ 10. Bxd3 cxd3 11. Qxd3 a6 12. 0-0-0 Qd7 13. Nc4 Qg4 14. Qe2 Be7 15. f3 Qg6 16. Bf4 Kd8 17. Qe3 Nh6 18. g4 Re8 19. Nh3 Bf8 20. Qb6+ Kd7 21. Rd2 Be7 22. Qf2 Kc7 23. Re1 Ng8 24. Nxd6 1-0

[Event "Miercurea Ciuc Bancpost op 19th"]
[Site "Miercurea Ciuc"]
[Date "2016.08.21"]
[Round "7"]
[White "Sandor, Tamas1111"]
[Black "Rosca, Grigore"]
[Result "1-0"]
[WhiteElo "2059"]
[BlackElo "1568"]
[PlyCount "89"]
[EventDate "2016.08.14"]
[EventType "swiss"]
[EventRounds "7"]
[EventCountry "ROU"]
[SourceTitle "EXT 2020"]
[Source "ChessBase"]
[SourceDate "2019.10.17"]
[SourceVersion "1"]
[SourceVersionDate "2019.10.17"]
[SourceQuality "1"]

1. e4 e5 2. Nf3 Nf6 3. Nxe5 d6 4. Nf3 Nxe4 5. Nc3 Nf6 6. d4 Be7 7. Bf4 0-0 8. Qd2 d5 9. Bd3 Bb4 10. 0-0 Ne4 11. Bxe4 dxe4 12. Ne5 f6 13. Nc4 b5 14. Ne3 g5 15. Bg3 f5 16. Be5 Nc6 17. a3 Bxc3 18. Qxc3 Nxe5 19. dxe5 Be6 20. Qc6 Qd7 21. Qxd7 Bxd7 22. Nd5 Be8 23. Nxc7 Rc8 24. Ne6 Rf7 25. Nxg5 Re7 26. f4 h6 27. Nh3 Rxc2 28. Rf2 Rec7 29. Rxc2 Rxc2 30. Nf2 Bh5 31. Nd1 Re2 32. Kf1 Rd2 33. Ne3 Rxb2 34. Nxf5 Be2+ 35. Kg1 Bd3 36. Nxh6+ Kg7 37. Nf5+ Kg6 38. g4 Re2 39. e6 e3 40. Nd4 Rf2 41. f5+ Kf6 42. g5+ Ke7 43. f6+ Kd6 44. e7 Bg6 45. Nxb5+ 1-0

[Event "Miercurea Ciuc Bancpost op 19th"]
[Site "Miercurea Ciuc"]
[Date "2016.08.20"]
[Round "6"]
[White "Beuran, Liviu"]
[Black "Rosca, Grigore"]
[Result "0-1"]
[WhiteElo "1651"]
[BlackElo "1568"]
[PlyCount "126"]
[EventDate "2016.08.14"]
[EventType "swiss"]
[EventRounds "7"]
[EventCountry "ROU"]
[SourceTitle "EXT 2020"]
[Source "ChessBase"]
[SourceDate "2019.10.17"]
[SourceVersion "1"]
[SourceVersionDate "2019.10.17"]
[SourceQuality "1"]

1. e4 e5 2. d3 Bc5 3. Nf3 d6 4. Be2 Nc6 5. c3 Be6 6. b4 Bb6 7. Nbd2 a6 8. Nb3 Nce7 9. Ng5 Qd7 10. Nxe6 Qxe6 11. Nd2 0-0-0 12. Nc4 Ba7 13. Be3 Bxe3 14. Nxe3 Nh6 15. a4 d5 16. Qb3 f5 17. exd5 Nxd5 18. Nxd5 Qxd5 19. Qxd5 Rxd5 20. h3 g5 21. 0-0-0 Rhd8 22. Kc2 Ng8 23. Bf3 R5d6 24. Rhe1 Re8 25. Rd2 Nf6 26. g3 c6 27. Rde2 Rde6 28. Bg2 h5 29. f3 Kc7 30. h4 g4 31. f4 e4 32. dxe4 fxe4 33. Re3 Kb6 34. a5+ Kc7 35. Kb3 b6 36. axb6+ Kxb6 37. Kc4 a5 38. bxa5+ Kxa5 39. Rb1 Nd5 40. Re2 Nb6+ 41. Kb3 Kb5 42. Re3 Kc5 43. Rbe1 Nc4 44. R3e2 e3 45. Kc2 Rb8 46. Kc1 Rb3 47. Ra2 Rxc3+ 48. Kb1 Re7 49. Ka1 Rb7 50. Be4 Nd2 51. Bc2 Nb3+ 52. Bxb3 Rbxb3 53. Rb2 Rxb2 54. Kxb2 Rd3 55. Re2 Kd4 56. Kc2 c5 57. f5 Rd2+ 58. Rxd2+ exd2 59. Kxd2 Ke5 60. f6 Kxf6 61. Kd3 Ke5 62. Kc4 Ke4 63. Kxc5 Kf3 0-1

[Event "Miercurea Ciuc Bancpost op 19th"]
[Site "Miercurea Ciuc"]
[Date "2016.08.16"]
[Round "3"]
[White "Rosca, Grigore"]
[Black "Zlatea, Cezar Stelian"]
[Result "0-1"]
[WhiteElo "1568"]
[BlackElo "1836"]
[PlyCount "52"]
[EventDate "2016.08.14"]
[EventType "swiss"]
[EventRounds "7"]
[EventCountry "ROU"]
[SourceTitle "EXT 2020"]
[Source "ChessBase"]
[SourceDate "2019.10.17"]
[SourceVersion "1"]
[SourceVersionDate "2019.10.17"]
[SourceQuality "1"]

1. e4 e5 2. f4 Bc5 3. Nf3 d6 4. Bc4 Nc6 5. c3 Bg4 6. Qb3 Na5 7. Qa4+ c6 8. Be2 b5 9. Qd1 Bxf3 10. Bxf3 Bb6 11. b4 Nb7 12. d4 Qf6 13. fxe5 dxe5 14. d5 Rd8 15. Qb3 cxd5 16. exd5 e4 17. Nd2 exf3 18. Nxf3 Qe7+ 19. Kd1 Nf6 20. Re1 Ne4 21. Kc2 0-0 22. Ng5 Nbd6 23. Bf4 Rfe8 24. Rad1 Qf6 25. Rf1 Nf2 26. Bc1 Qg6+ 0-1

[Event "Iasi op"]
[Site "Iasi"]
[Date "2014.05.10"]
[Round "1"]
[White "De Moor, Eric"]
[Black "Rosca, Grigore"]
[Result "1-0"]
[WhiteElo "2111"]
[BlackElo "1578"]
[PlyCount "75"]
[EventDate "2014.05.10"]
[EventType "swiss"]
[EventRounds "9"]
[EventCountry "ROU"]
[SourceTitle "CBM 160 Extra"]
[Source "ChessBase"]
[SourceDate "2014.07.01"]
[SourceVersion "1"]
[SourceVersionDate "2014.07.01"]
[SourceQuality "1"]

1. e4 e6 2. d4 d5 3. exd5 exd5 4. Nf3 c5 5. Nc3 cxd4 6. Qxd4 Be6 7. Bb5+ Nc6 8. Qa4 Qb6 9. Be3 Bc5 10. Nd4 Nge7 11. 0-0 0-0 12. Nxe6 fxe6 13. Bxc5 Qxc5 14. Qg4 Rf6 15. Bxc6 bxc6 16. Qg5 Nf5 17. Rae1 Raf8 18. Kh1 Rg6 19. Qh5 Nd6 20. f3 Nf5 21. g3 Rxg3 22. Rxe6 g6 23. Qxf5 Rxf5 24. hxg3 Rh5+ 25. Kg2 Rf5 26. Rf2 Rf7 27. Rfe2 Rb7 28. Na4 Qb5 29. b3 c5 30. Nc3 Qd7 31. R6e5 d4 32. Ne4 Qg7 33. Re8+ Kf7 34. Nd6+ Kf6 35. R8e6+ Kg5 36. R2e5+ Qxe5 37. f4+ Kg4 38. Rxe5 1-0

[Event "ROM-ch"]
[Site "Sarata Monteoru"]
[Date "2012.02.17"]
[Round "6"]
[White "Porfireanu, Serban"]
[Black "Rosca, Grigore"]
[Result "1-0"]
[WhiteElo "1927"]
[BlackElo "1668"]
[PlyCount "77"]
[EventDate "2012.02.13"]
[EventType "swiss"]
[EventRounds "11"]
[EventCountry "ROU"]
[SourceTitle "CBM 147 Extra"]
[Source "ChessBase"]
[SourceDate "2012.04.24"]
[SourceVersion "1"]
[SourceVersionDate "2012.04.24"]
[SourceQuality "1"]

1. Nf3 d5 2. g3 Nc6 3. d4 Nf6 4. Bg2 Bf5 5. a3 Qd7 6. h3 h6 7. Ne5 Nxe5 8. dxe5 Nh7 9. Qxd5 c6 10. Qxd7+ Kxd7 11. e4 Be6 12. f4 Bc4 13. Be3 e6 14. Nd2 Ba6 15. Nb3 b6 16. 0-0-0+ Kc7 17. Bf1 Bb7 18. h4 Be7 19. Bd3 c5 20. Rhf1 c4 21. Bxc4 Bxe4 22. Nd4 Kb7 23. Bd3 Bg2 24. Rf2 Bh3 25. Be4+ Ka6 26. Bxa8 Rxa8 27. Nc6 Bf8 28. Rd7 f5 29. c4 h5 30. b4 b5 31. cxb5+ Kxb5 32. Rc2 Ka4 33. Kb2 Bf1 34. Nxa7 g5 35. Rxh7 gxf4 36. gxf4 Bg7 37. Rxg7 Bc4 38. Rc7 Rg8 39. Nc8 1-0

[Event "ROM-ch op"]
[Site "Sarata Monteoru"]
[Date "2011.02.19"]
[Round "10"]
[White "Dan, Silviu Aurelian"]
[Black "Rosca, Grigore"]
[Result "1-0"]
[WhiteElo "1971"]
[BlackElo "1632"]
[PlyCount "79"]
[EventDate "2011.02.12"]
[EventType "swiss"]
[EventRounds "11"]
[EventCountry "ROU"]
[SourceTitle "EXT 2013"]
[Source "ChessBase"]
[SourceDate "2012.11.22"]
[SourceVersion "1"]
[SourceVersionDate "2012.11.22"]
[SourceQuality "1"]

1. e4 e6 2. d4 d5 3. Nc3 Nf6 4. Bg5 Be7 5. e5 Nfd7 6. Bxe7 Qxe7 7. Nb5 Nb6 8. c4 a6 9. Na3 0-0 10. Bd3 f5 11. f4 c5 12. Nc2 Nc6 13. dxc5 Qxc5 14. Nf3 Nxc4 15. Bxc4 Qxc4 16. Nfd4 a5 17. a4 Bd7 18. Qd2 Na7 19. h3 Rac8 20. Ne3 Qa6 21. Kf2 Qb6 22. Rhb1 Qc7 23. Kf3 g5 24. g3 h5 25. Rd1 Rf7 26. Kf2 b5 27. Qe2 g4 28. hxg4 fxg4 29. Kg2 bxa4 30. Rh1 Rh7 31. Nxg4 Rg7 32. Nf6+ Kf8 33. Nxh5 Rf7 34. Nf6 Ke7 35. Rh7 Rcf8 36. Rxf7+ Rxf7 37. Nxd7 Qxd7 38. Qa6 Rf8 39. Rh1 Rf7 40. f5 1-0

[Event "Miercurea Ciuc Banc Post op 13th"]
[Site "Miercurea Ciuc"]
[Date "2010.08.16"]
[Round "8"]
[White "Rosca, Grigore"]
[Black "Liebl, Korbinian"]
[Result "0-1"]
[WhiteElo "1665"]
[BlackElo "1783"]
[PlyCount "62"]
[EventDate "2010.08.10"]
[EventType "swiss"]
[EventRounds "9"]
[EventCountry "ROU"]
[SourceTitle "EXT 2012"]
[Source "ChessBase"]
[SourceDate "2011.11.24"]
[SourceVersion "1"]
[SourceVersionDate "2011.11.24"]
[SourceQuality "1"]

1. e4 e5 2. f4 exf4 3. Nf3 d6 4. Bc4 h6 5. 0-0 Nc6 6. Nc3 g5 7. d4 Bg7 8. d5 Ne5 9. Nxe5 Bxe5 10. Bb5+ Bd7 11. Bxd7+ Qxd7 12. Ne2 Bg7 13. Nd4 Nf6 14. Nf5 0-0 15. Qd3 Rfe8 16. Bxf4 gxf4 17. Rxf4 Kh8 18. Nxh6 Bxh6 19. Rxf6 Bg7 20. Rf5 Re5 21. Raf1 Rxf5 22. Rxf5 Re8 23. Qf3 Kg8 24. c3 Re5 25. g4 Qe7 26. Rxe5 Bxe5 27. Kg2 Qg5 28. h3 Qc1 29. Qf2 Qb1 30. Kf3 Qd3+ 31. Qe3 Qf1+ 0-1

[Event "Miercurea Ciuc Banc Post op 12th"]
[Site "Miercurea Ciuc"]
[Date "2009.08.16"]
[Round "9"]
[White "Rosca, Grigore"]
[Black "Egli, Ioan"]
[Result "0-1"]
[WhiteElo "1738"]
[BlackElo "1715"]
[PlyCount "25"]
[EventDate "2009.08.09"]
[EventType "swiss"]
[EventRounds "9"]
[EventCountry "ROU"]
[SourceTitle "CBM 131 Extra"]
[Source "ChessBase"]
[SourceDate "2009.09.03"]
[SourceVersion "2"]
[SourceVersionDate "2009.09.16"]
[SourceQuality "1"]

1. e4 e5 2. f4 d6 3. Bc4 Nf6 4. d3 exf4 5. Nf3 Be7 6. 0-0 0-0 7. Bxf4 Be6 8. Nbd2 Bxc4 9. Nxc4 b5 10. Ne3 Nbd7 11. Nf5 Re8 12. c3 a6 13. a4 0-1

[Event "ROM-ch"]
[Site "Eforie Nord"]
[Date "2009.02.02"]
[Round "3"]
[White "Stegariu, Alexandru"]
[Black "Rosca, Grigore"]
[Result "1-0"]
[WhiteElo "1936"]
[BlackElo "1739"]
[PlyCount "79"]
[EventDate "2009.01.31"]
[EventType "swiss"]
[EventRounds "9"]
[EventCountry "ROU"]
[SourceTitle "CBM 130 Extra"]
[Source "ChessBase"]
[SourceDate "2009.07.02"]
[SourceVersion "2"]
[SourceVersionDate "2009.07.15"]
[SourceQuality "1"]

1. d4 Nf6 2. c4 c6 3. Nc3 g6 4. Nf3 Bg7 5. e4 d5 6. e5 Ne4 7. Nxe4 dxe4 8. Ng5 f5 9. Be3 h6 10. Nh3 Be6 11. Nf4 Kf7 12. d5 cxd5 13. cxd5 Bxe5 14. dxe6+ Kf6 15. Qb3 Nc6 16. Be2 Bxf4 17. Bxf4 Nd4 18. Qd1 Nxe6 19. Bd2 Nd4 20. 0-0 Qb6 21. Bc3 e5 22. Bc4 Rad8 23. Qa4 a6 24. Ba5 Qd6 25. Bxd8+ Rxd8 26. Qa3 Qb6 27. Rac1 f4 28. Rfd1 g5 29. Bf1 g4 30. Kh1 Nc2 31. Qb3 Qxb3 32. axb3 Nd4 33. Rc7 b5 34. Ra7 Rd6 35. Ra1 e3 36. fxe3 fxe3 37. R7xa6 Ke6 38. Rxd6+ Kxd6 39. Re1 Nf5 40. Bd3 1-0